000 01428nac a22002651u 4500
020 _a0745631460
082 _a321.8
_bHEL
090 _c7291
_d7291
100 _aHeld, David
245 _aModels of democracy /
_cDavid held.
250 _a3rd ed.
260 _aCambridge :
_bPlolity Press ,2006
_c2006
300 _axii,338 p. :
_bill. ;
_c2006.
500 _adistributer: Al-Ahram
504 _aIncludes bibliography:p.313-327 and index
511 _acatalogued by: wessam
650 _aDemocracy
650 _aPolitical science
_xHistory.
942 _cNB
_k321.8 HEL
999 _c7291
_d7291